Exposición del alcalde de Cádiz con motivo del décimo quinto aniversario de su toma posesión (Record no. 40016)
[ view plain ]
| 000 -LEADER | |
|---|---|
| campo de control de longitud fija | 00635nam a2200169 i 4500 |
| 001 - NÚMERO DE CONTROL | |
| campo de control | 40016 |
| 003 - IDENTIFICADOR DE NÚMERO DE CONTROL | |
| campo de control | ES-MaACL |
| 005 - FECHA Y HORA DE LA ÚLTIMA TRANSACCIÓN | |
| campo de control | 20250626063137.0 |
| 007 - CAMPO FIJO DE DESCRIPCIÓN FÍSICA--INFORMACIÓN GENERAL | |
| campo de control de longitud fija | t| |
| 008 - DATOS DE LONGITUD FIJA--INFORMACIÓN GENERAL | |
| campo de control de longitud fija | 030304s1963 sp ||||1| spa d |
| 100 0# - ENTRADA PRINCIPAL--NOMBRE DE PERSONA | |
| Nombre de persona | Carranza, José León de, |
| Títulos y otros términos asociados al nombre | Marqués de Villapesadilla |
| 9 (RLIN) | 35504 |
| 245 10 - MENCIÓN DEL TÍTULO | |
| Título | Exposición del alcalde de Cádiz con motivo del décimo quinto aniversario de su toma posesión |
| Resto del título | : sesión extraordinaria del día 10 de febrero de 1963 / |
| Mención de responsabilidad, etc. | José León de Carranza. |
| 260 ## - PUBLICACIÓN, DISTRIBUCIÓN, ETC. | |
| Lugar de publicación, distribución, etc. | [Cádiz : |
| Nombre del editor, distribuidor, etc. | Escelicer], |
| Fecha de publicación, distribución, etc. | 1963. |
| 300 ## - DESCRIPCIÓN FÍSICA | |
| Extensión | 35 p. ; |
| Dimensiones | 22 cm. |
| 852 ## - LOCALIZACIÓN | |
| Ubicación | ES-MaACL |
| Número de control de estantería | 2038-F-13 |
| Sublocalización o colección | R.52010 |
| Estatus retirado | Estado de pérdida | Estado de daño | No para préstamo | Colección | Biblioteca de origen | Biblioteca actual | Ubicación en estantería | Fecha de adquisición | Fuente de adquisición | Total de préstamos | Signatura topográfica completa | Código de barras | Visto por última vez | Precio de reemplazo | Tipo de ítem Koha |
|---|---|---|---|---|---|---|---|---|---|---|---|---|---|---|---|
| Colección de folletos | Biblioteca del Ateneo de Madrid | Biblioteca del Ateneo de Madrid | Depósito folletos | 17/01/2008 | 2038-F-13 | 1042133 | 23/02/2023 | 23/02/2023 | Folleto |
